Statistics for Selling Sunset Trivia

Click here to take the quiz!

General Stats

  • This quiz has been taken 431 times
  • The average score is 10 of 18

Answer Stats

HintAnswer% Correct
New agent in the office in the first episodeChrishell Stause
94%
Christine's party entitled 'Burgers and _____'Botox
89%
New British agent in Season FiveChelsea Lazkani
87%
Supposed office favourite in earlier seasonsMary Fitzgerald
77%
Agent whose presence Romain does not want at his and Mary's weddingDavina Potratz
72%
Names of the two spinoff series, 'Selling _____' and 'Selling __ __'Selling Tampa
68%
Name of Chrishell's husband from whom she splits in Season ThreeJustin Hartley
66%
Animal present at Christine's engagement partyZebra
58%
Names of the two agents introduced in Season FourEmma Hernan
57%
Zelda
54%
Vanessa Villela
51%
Selling The OC
45%
Marvel actor client of the Oppenheim GroupSimu Liu
43%
Christine claims, "I never start the drama, I just ______ __"Finish it
41%
Seller of Davina's supposedly vastly overpriced propertyAdnan Sen
36%
Names of the two office dogs, owned by Jason and MaryNiko
32%
Episode of Season Two in which Amanza Smith is first introduced1
25%
Title of the first episodeIf Looks Could Sell
7%

Score Distribution

Percentile by Number Answered

Percent of People with Each Score

Your Score History

You have not taken this quiz